Normal view
MARC view
Entry Corporate Name
001 - CONTROL NUMBER
- control field: 14613
003 - CONTROL NUMBER IDENTIFIER
- control field: ARRUPE
005 - DATE AND TIME OF LATEST TRANSACTION
- control field: 20150123143049.0
008 - FIXED-LENGTH DATA ELEMENTS
- fixed length control field: 150123|| aca||aabn | a|a d
040 ## - CATALOGING SOURCE
- Original cataloging agency: ARRUPE
- Transcribing agency: ARRUPE
110 ## - HEADING--CORPORATE NAME
- Corporate name or jurisdiction name as entry element: Rhodesia and Nyasaland.
670 ## - SOURCE DATA FOUND
- Source citation: Work cat.: (ARRUPE)0: Rhodesia and Nyasaland., An agricultural survey of Southern Rhodesia /, [1960-